[Event "SV Kamen 2 - SF Essen-Werden 2"]
[Site "Verbandsklasse - Gr. 1 2019/2"]
[Date "2019.10.27"]
[Round "2.6"]
[White "Markert, Dirk"]
[Black "Akcapinar, Yavuz"]
[Result "1-0"]
[WhiteElo "1846"]
[BlackElo "1790"]
[Annotator "Daniel"]
[PlyCount "95"]
[EventDate "2019.??.??"]

1. d4 Nf6 2. Bf4 b6 3. e3 g6 4. Nf3 Bb7 5. Nbd2 Bg7 6. c3 O-O 7. h3 $11 d6 8.
Qc2 Nbd7 9. Be2 Re8 10. O-O-O Qc8 11. e4 e5 12. dxe5 dxe5 13. Bg5 a5 14. Nh2
Bc6 15. Ng4 Qb7 16. f3 Nh5 17. Nh6+ Kf8 18. Qb3 Bxh6 19. Bxh6+ Kg8 20. Bc4 Re7
21. Bg5 Nhf6 22. h4 Kg7 23. h5 h6 24. Be3 g5 25. Nf1 b5 26. Be2 Re6 27. Ng3 Kh7
28. Nf5 Rb8 29. Qc2 Nb6 30. Kb1 Nc4 31. Bc1 Ne8 $11 32. Rd5 Ncd6 33. Ne3 Kg8
34. Rdd1 Nf6 35. Qd2 Ree8 36. Qe1 Kh7 37. Qg3 Re7 38. Bd3 Kh8 39. Bc2 Nc4 40.
Nf5 Re6 41. Nxh6 Nxe4 42. Nxf7+ Kg7 43. fxe4 Kxf7 44. Qxg5 Nd6 45. Rhf1+ Ke8
46. Qg7 Re7 47. Rf8+ Kd7 48. Qg4+ 1-0

[Event "SV Kamen 2 - SF Essen-Werden 2"]
[Site "Verbandsklasse - Gr. 1 2019/2"]
[Date "2019.10.27"]
[Round "2.7"]
[White "Eggebrecht, Jan"]
[Black "Rotter, Chris"]
[Result "1-0"]
[WhiteElo "1680"]
[BlackElo "1739"]
[PlyCount "141"]
[EventDate "2019.??.??"]

1. c4 e6 2. Nf3 c5 3. Nc3 Nc6 4. e3 Nf6 5. b3 Bd6 6. Bb2 b6 7. Be2 Bb7 8. O-O
O-O 9. d4 cxd4 10. exd4 Rc8 11. d5 exd5 12. Nxd5 Nxd5 13. Qxd5 Be7 14. Rad1 Rc7
15. Qd2 Bf6 16. Bxf6 Qxf6 17. Qd6 Qxd6 18. Rxd6 Re8 19. Bd3 Re6 20. Re1 g6 21.
Rexe6 dxe6 22. Nd2 Kf8 23. Bb1 Ke7 24. Rd3 Ne5 25. Rd4 b5 26. f4 Nc6 27. Rd3
bxc4 28. Nxc4 Nb4 29. Rd4 Bd5 30. Na3 a5 31. Kf2 Rc1 32. h3 h6 33. Be4 Nc6 34.
Ra4 Bxe4 35. Rxe4 Ra1 36. Re2 Nd4 37. Nc2 Nxe2 38. Nxa1 Nc3 39. a3 Kd6 40. Nc2
Kc5 41. Ne3 Nb5 42. Nc4 h5 43. a4 Nd6 44. Nxa5 Kb4 45. Nc6+ Kxb3 46. a5 Ne4+
47. Ke3 Nc5 48. Kd4 Na6 49. Ke5 Kc4 50. Kf6 Kd5 51. Ne7+ Ke4 52. Kxf7 Kxf4 53.
Kxg6 h4 54. Kh5 Kg3 55. Ng6 Nc5 56. Nxh4 e5 57. Nf5+ Kxg2 58. Kg4 Kf2 59. h4
Ke2 60. h5 Kd3 61. h6 Nd7 62. a6 Ke4 63. Ng3+ Kd5 64. a7 Nb6 65. h7 e4 66. Nxe4
Kxe4 67. h8=Q Kd5 68. a8=Q+ Kc5 69. Qe5+ Kb4 70. Qaa5+ Kc4 71. Qec3# 1-0

[Event "SV Kamen 2 - SF Essen-Werden 2"]
[Site "Verbandsklasse - Gr. 1 2019/2"]
[Date "2019.10.27"]
[Round "2.8"]
[White "Krabbe, Christian"]
[Black "Mann, Gergely"]
[Result "1/2-1/2"]
[WhiteElo "1952"]
[BlackElo "1583"]
[PlyCount "93"]
[EventDate "2019.??.??"]

1. Nf3 d5 2. g3 c6 3. d3 Nf6 4. Bg2 Bg4 5. Nbd2 Nbd7 6. e4 dxe4 7. dxe4 e6 8.
O-O Be7 9. a4 O-O 10. Qe1 e5 11. Nc4 Qc7 12. Ne3 Bxf3 13. Bxf3 g6 14. Nc4 Rfd8
15. Bd2 Bf8 16. Bg2 Bg7 17. f4 Re8 18. f5 Rad8 19. Kh1 Nc5 20. Bg5 Qe7 21. b4
Ncd7 22. c3 h6 23. Be3 b6 24. Qe2 Nf8 25. h3 Rd7 26. a5 b5 27. Nb2 Red8 28. g4
g5 29. Qf2 a6 30. Bf3 Kh8 31. Rfe1 Kg8 32. Kg2 N8h7 33. Bb6 Rd2 34. Re2 Rxe2
35. Qxe2 Rb8 36. Rd1 Nd7 37. Bc7 Rb7 38. Bd6 Qe8 39. Nd3 Bf8 40. Bxf8 Nhxf8 41.
Qe3 Qe7 42. Rc1 c5 43. bxc5 Rc7 44. c6 Rxc6 45. Nb4 Rd6 46. Nd5 Qd8 47. h4
1/2-1/2

[Event "SF Kirchhellen 1 - SV Mülheim-Nord 4"]
[Site "Verbandsklasse - Gr. 1 2019/2"]
[Date "2019.10.27"]
[Round "2.1"]
[White "Schmidt, Kevin"]
[Black "Schlueter, Christoph"]
[Result "0-1"]
[WhiteElo "1926"]
[BlackElo "1946"]
[Annotator "Daniel"]
[PlyCount "96"]
[EventDate "2019.??.??"]

1. e4 c5 2. Nf3 e6 3. c4 Nc6 4. d4 cxd4 5. Nxd4 Nf6 6. Nc3 Bb4 7. Nxc6 dxc6 8.
Qxd8+ Kxd8 9. Bd2 e5 10. O-O-O Ke8 11. f3 Be6 12. a3 Be7 13. Be3 Nd7 14. Na4 f6
15. Be2 Kf7 16. g4 Rhc8 $11 17. c5 Rd8 18. Kc2 Rab8 19. Rd2 b5 20. cxb6 axb6
21. Rhd1 Ke8 22. b4 Ra8 23. Nxb6 Rxa3 24. Nxd7 Ra2+ 25. Kb1 Rxd2 26. Nxf6+ gxf6
27. Bxd2 Bb3 28. Kc1 Bxd1 29. Bxd1 Rb8 30. g5 fxg5 31. Kc2 Kf7 32. Kd3 Kf6 33.
Ba4 Bxb4 34. Bxb4 Rxb4 35. Bxc6 Ke7 36. Ke3 Rb6 37. Bd5 Rh6 38. Kf2 Rxh2+ 39.
Kg3 Rh4 40. Bb7 Kd6 41. Bc8 Rf4 42. Bh3 Kc5 43. Be6 Kd4 44. Bf5 h5 45. Bg6 h4+
46. Kg2 g4 47. Bh5 gxf3+ 48. Bxf3 Rxf3 0-1

[Event "SF Kirchhellen 1 - SV Mülheim-Nord 4"]
[Site "Verbandsklasse - Gr. 1 2019/2"]
[Date "2019.10.27"]
[Round "2.2"]
[White "Sinnwell, Horst"]
[Black "Dezent, Ilia"]
[Result "1-0"]
[WhiteElo "2038"]
[BlackElo "1825"]
[PlyCount "89"]
[EventDate "2019.??.??"]

1. Nf3 Nf6 2. c4 g6 3. d4 Bg7 4. b4 d6 5. Bb2 a5 6. b5 O-O 7. Nbd2 c6 8. e3
cxb5 9. cxb5 d5 10. Bd3 Bf5 11. Qc2 Bxd3 12. Qxd3 Nbd7 13. O-O Ne8 14. Ba3 Nb6
15. Rac1 Nd6 16. Bc5 Re8 17. Bxb6 Qxb6 18. Rc5 e6 19. Rfc1 Bf8 20. Ne5 Red8 21.
a4 Ne8 22. R5c2 Bb4 23. Nb3 Ba3 24. Ra1 Bb4 25. Nc5 Qc7 26. Nxe6 Qxc2 27. Qxc2
fxe6 28. Rc1 Ba3 29. Ra1 Rac8 30. Qd1 Bd6 31. Qg4 Ng7 32. Nf3 Be7 33. e4 Rc2
34. exd5 exd5 35. Qf4 Rdc8 36. h3 Nf5 37. g4 Nd6 38. Qe5 Bf8 39. Qxd5+ Kh8 40.
b6 Re2 41. Re1 Rb2 42. Qe5+ Kg8 43. Qe6+ Kg7 44. Qd7+ Kg8 45. Ng5 1-0

[Event "SF Kirchhellen 1 - SV Mülheim-Nord 4"]
[Site "Verbandsklasse - Gr. 1 2019/2"]
[Date "2019.10.27"]
[Round "2.3"]
[White "Schuermann, Jan"]
[Black "Borgs, Martin"]
[Result "1/2-1/2"]
[WhiteElo "1815"]
[BlackElo "1972"]
[Annotator "Daniel"]
[PlyCount "88"]
[EventDate "2019.??.??"]

1. e4 c5 2. Nf3 e6 3. Nc3 a6 4. d4 cxd4 5. Nxd4 Qc7 6. Bd3 Nf6 7. O-O d6 8. a4
Be7 9. Qe2 b6 10. Bd2 O-O 11. Rae1 Bb7 12. Kh1 Nc6 13. Nxc6 Qxc6 14. f4 g6 15.
Rf3 Rfe8 16. e5 Nd7 17. Rh3 d5 18. f5 exf5 19. Bxf5 Nf8 20. Qg4 Bc8 21. Bxc8
Raxc8 22. Rd3 Red8 23. Be3 Ne6 24. Red1 Nc7 25. Bh6 Qe6 $11 26. Qf4 Re8 27. Rf1
Bf8 28. Bxf8 Rxf8 29. Ne2 Rce8 $11 30. Re3 Qe7 31. Nd4 Ne6 32. Qg4 h5 33. Qd1
Qc5 34. c3 Ng7 35. Rfe1 Ne6 36. Rg3 Ng7 37. Qd3 Qc4 38. Qd1 Re7 39. Rd3 Ne6 40.
Nf3 Rd8 41. Nd4 Nc5 42. Rf3 Ne4 43. Ref1 Qc7 44. Qe2 a5 1/2-1/2

[Event "SF Kirchhellen 1 - SV Mülheim-Nord 4"]
[Site "Verbandsklasse - Gr. 1 2019/2"]
[Date "2019.10.27"]
[Round "2.4"]
[White "Hoffterheide, Thomas"]
[Black "Vavro, Maximilian"]
[Result "1-0"]
[WhiteElo "1958"]
[BlackElo "1758"]
[PlyCount "91"]
[EventDate "2019.??.??"]

1. e4 c6 2. d4 d5 3. e5 c5 4. dxc5 Nc6 5. Nf3 Bg4 6. Be2 e6 7. c3 Bxc5 8. O-O
Bxf3 9. Bxf3 Nxe5 10. Be2 Nf6 11. Bg5 O-O 12. Nd2 h6 13. Bh4 Ng6 14. Bg3 Qb6
15. Qb3 Rfd8 16. Bd3 Ne7 17. Rae1 Nh5 18. Bh4 g5 19. Bg3 Nxg3 20. hxg3 Nc6 21.
Qc2 d4 22. Nc4 Qc7 23. b4 Bf8 24. b5 Ne7 25. Bh7+ Kg7 26. Bd3 Kg8 27. f4 Bg7
28. fxg5 Qc5 29. Rf3 dxc3+ 30. Kf1 Qxg5 31. Bh7+ Kh8 32. Bd3 Nd5 33. a3 Rac8
34. Qe2 Qh5 35. Qe4 f5 36. Qxe6 Re8 37. Rxf5 Qh1+ 38. Kf2 Bd4+ 39. Kf3 Qxe1 40.
Qxh6+ Kg8 41. Rg5+ Kf7 42. Qg6+ Kf8 43. Qg8+ Ke7 44. Qh7+ Ke6 45. Bf5+ Kf6 46.
Qg7# 1-0

[Event "SF Kirchhellen 1 - SV Mülheim-Nord 4"]
[Site "Verbandsklasse - Gr. 1 2019/2"]
[Date "2019.10.27"]
[Round "2.5"]
[White "Beckmann, Klaus"]
[Black "Schueppel, Werner"]
[Result "1/2-1/2"]
[WhiteElo "1867"]
[BlackElo "1926"]
[PlyCount "63"]
[EventDate "2019.??.??"]

1. d4 g6 2. e4 Bg7 3. Nc3 d6 4. f3 Nd7 5. Be3 e5 6. Qd2 exd4 7. Bxd4 Ngf6 8.
O-O-O O-O 9. g4 a6 10. g5 Nh5 11. Bxg7 Nxg7 12. f4 b5 13. Be2 Nc5 14. Bf3 Bb7
15. Nd5 Bxd5 16. Qxd5 Qe7 17. Ne2 Qe6 18. h4 Qxd5 19. Rxd5 Rae8 20. Ng3 f6 21.
f5 fxg5 22. hxg5 gxf5 23. exf5 Re3 24. Rf1 c6 25. Rxd6 Nxf5 26. Nxf5 Rxf5 27.
Rf6 Rxf6 28. gxf6 Ne4 29. Bh5 Kf8 30. Bg4 Kf7 31. Bh5+ Kf8 32. Bg4 1/2-1/2

[Event "SF Kirchhellen 1 - SV Mülheim-Nord 4"]
[Site "Verbandsklasse - Gr. 1 2019/2"]
[Date "2019.10.27"]
[Round "2.6"]
[White "Belitz, Marco"]
[Black "Fleischer, Michael"]
[Result "0-1"]
[WhiteElo "1768"]
[BlackElo "1829"]
[PlyCount "72"]
[EventDate "2019.??.??"]

1. e4 c5 2. Nf3 Nc6 3. d4 cxd4 4. Nxd4 Nf6 5. Nc3 d6 6. Be3 Ng4 7. Bc1 Qb6 8.
h3 Nxf2 9. Kxf2 Qxd4+ 10. Be3 Qb4 11. Qd2 Bd7 12. a3 Qa5 13. b4 Qd8 14. Bc4 a6
15. Rhf1 e6 16. Kg1 Be7 17. Rad1 O-O 18. Ne2 Ne5 19. Bb3 Bc6 20. Nc3 b5 21. Bd4
Bf6 22. Qf2 Qe7 23. Qg3 Rfd8 24. Qe3 Rac8 25. Ne2 Bg5 26. Qg3 Bxe4 27. Bxe5
dxe5 28. Qxe5 Rxd1 29. Rxd1 Ba8 30. Nf4 Bf6 31. Qe2 Rd8 32. Re1 Qd6 33. Nd3 h6
34. Kh1 Qg3 35. Nc5 Qxh3+ 36. Kg1 Bd4+ 0-1

[Event "SF Kirchhellen 1 - SV Mülheim-Nord 4"]
[Site "Verbandsklasse - Gr. 1 2019/2"]
[Date "2019.10.27"]
[Round "2.7"]
[White "Hausrath, Michaela"]
[Black "Langer, Raimund"]
[Result "1/2-1/2"]
[WhiteElo "1693"]
[BlackElo "1743"]
[PlyCount "65"]
[EventDate "2019.??.??"]

1. d4 Nf6 2. c4 e6 3. Nf3 b6 4. Nc3 Bb4 5. Bd2 Bb7 6. e3 O-O 7. Be2 d5 8. O-O
dxc4 9. Bxc4 Nbd7 10. a3 Be7 11. Be2 c5 12. Rc1 Rc8 13. dxc5 Nxc5 14. Nd4 Nfe4
15. Nxe4 Nxe4 16. Rxc8 Qxc8 17. Bf3 Rd8 18. Bxe4 Bxe4 19. Qc1 Bf6 20. Bc3 Bb7
21. Re1 Qc7 22. Ne2 Qc6 23. f3 Bg5 24. Kf2 Qd5 25. Ng1 Bh4+ 26. g3 Bg5 27. Re2
Qc5 28. Bd2 Ba6 29. Re1 Qd5 30. Bc3 Bb7 31. Re2 Qc5 32. Bd2 Ba6 33. Re1 1/2-1/2

[Event "SF Kirchhellen 1 - SV Mülheim-Nord 4"]
[Site "Verbandsklasse - Gr. 1 2019/2"]
[Date "2019.10.27"]
[Round "2.8"]
[White "Miller, Jaroslaw"]
[Black "Alfrihan, Omar"]
[Result "0-1"]
[WhiteElo "1627"]
[BlackElo "1495"]
[Annotator "Daniel"]
[PlyCount "74"]
[EventDate "2019.??.??"]

1. e4 c5 2. Nf3 Nc6 3. d4 cxd4 4. Nxd4 d6 5. Nc3 g6 6. Bc4 Bg7 7. Be3 e6 8. O-O
Nge7 9. Ndb5 O-O 10. Nxd6 a6 11. Bb3 b5 12. f4 e5 13. f5 gxf5 14. exf5 Nd4 15.
f6 Qxd6 16. fxg7 Kxg7 17. Ne4 Qg6 18. Ng5 Nxb3 19. axb3 Bf5 $11 20. Rf3 Bg4 21.
Qf1 Bxf3 22. Qxf3 Nf5 23. Bd2 Rfd8 24. Qc3 Nd4 25. Re1 Rac8 26. Qe3 Re8 27. Rf1
f6 28. Ne4 Re6 29. c3 Nxb3 30. Qa7+ Qf7 31. Bh6+ Kg6 32. Qe3 Qe7 33. Rxf6+ Rxf6
34. Qg5+ Kf7 35. Qg7+ Ke6 36. Qg4+ Kd5 37. Bg5 Qa7+ 0-1

[Event "SV Rochade Eving 1 - SC Mülheim 1"]
[Site "Verbandsklasse - Gr. 2 2019/2"]
[Date "2019.10.27"]
[Round "2.1"]
[White "Langschmidt, Dirk"]
[Black "Kleibaumhueter, Klaus"]
[Result "1-0"]
[WhiteElo "2013"]
[BlackElo "2052"]
[PlyCount "63"]
[EventDate "2019.??.??"]

1. e4 e6 2. d4 d5 3. Nc3 Nf6 4. e5 Nfd7 5. f4 c5 6. Nf3 Nc6 7. Be3 Qb6 8. Qd2
cxd4 9. Nxd4 Nxd4 10. Bxd4 Bc5 11. Na4 Qc6 12. Nxc5 Nxc5 13. Qb4 Nd7 14. Rc1 a5
15. Qb5 O-O 16. Bd3 f6 17. O-O fxe5 18. fxe5 a4 19. Qb4 Re8 20. Rf3 a3 21. b3
Rb8 22. Bb5 Qc7 23. Rcf1 h6 24. Rf7 Qxc2 25. Qd6 Qe4 26. Ba1 Rd8 27. Bxd7 Qe3+
28. Kh1 Bxd7 29. Rxd7 Rf8 30. Qxe6+ Kh7 31. Rdf7 Rxf7 32. Qxf7 1-0

[Event "SV Rochade Eving 1 - SC Mülheim 1"]
[Site "Verbandsklasse - Gr. 2 2019/2"]
[Date "2019.10.27"]
[Round "2.2"]
[White "Michalek, Franz"]
[Black "Riese, Manfred"]
[Result "1-0"]
[WhiteElo "1915"]
[BlackElo "1863"]
[PlyCount "113"]
[EventDate "2019.??.??"]

1. d4 d6 2. Nf3 Nf6 3. c3 c6 4. Bg5 Bg4 5. Nbd2 Nbd7 6. Qc2 Qc7 7. e4 Bxf3 8.
Nxf3 g6 9. Be2 Bg7 10. Nd2 h6 11. Bh4 e5 12. O-O O-O 13. Bg3 c5 14. dxe5 dxe5
15. Nc4 b5 16. Ne3 a6 17. a4 c4 18. Rfd1 Nc5 19. axb5 axb5 20. f3 Rxa1 21. Rxa1
Rd8 22. Rd1 Ne6 23. Rxd8+ Nxd8 24. b3 Nh5 25. Bf2 Nf4 26. bxc4 bxc4 27. Bxc4
Nde6 28. Bf1 Bf8 29. g3 Nh5 30. Nd5 Qc6 31. Qd2 Kh7 32. Kg2 g5 33. Be3 Kg6 34.
Qb2 Nf6 35. c4 Bd6 36. Qxe5 Nd7 37. Qf5+ Kg7 38. f4 Bc5 39. fxg5 Bxe3 40. Nxe3
hxg5 41. Qd5 Qc7 42. Nf5+ Kg6 43. Nd4 Ndc5 44. Qf5+ Kg7 45. Nxe6+ Nxe6 46. Be2
Qd6 47. Qd5 Qa3 48. Bg4 Qb2+ 49. Kh3 Qf6 50. Qf5 Qd4 51. e5 Qd8 52. Qf6+ Qxf6
53. exf6+ Kxf6 54. Bxe6 fxe6 55. Kg4 e5 56. h4 gxh4 57. gxh4 1-0

[Event "SV Rochade Eving 1 - SC Mülheim 1"]
[Site "Verbandsklasse - Gr. 2 2019/2"]
[Date "2019.10.27"]
[Round "2.4"]
[White "Pahne, Dirk"]
[Black "Riek, Wolfgang"]
[Result "1-0"]
[WhiteElo "1902"]
[BlackElo "1753"]
[PlyCount "47"]
[EventDate "2019.??.??"]

1. e4 e5 2. Nf3 Nc6 3. Bb5 Bc5 4. O-O Nge7 5. c3 O-O 6. d4 exd4 7. cxd4 Bb6 8.
d5 Nb4 9. a3 Na6 10. Bg5 d6 11. Nd4 Bxd4 12. Qxd4 Nc5 13. Bc4 b5 14. Ba2 f6 15.
Bh4 Ng6 16. Bg3 Qe7 17. Nc3 Bd7 18. b4 Nb7 19. f4 a5 20. Rfe1 Rfe8 21. Qd3 axb4
22. axb4 Ra3 23. e5 dxe5 24. d6+ 1-0

[Event "SV Rochade Eving 1 - SC Mülheim 1"]
[Site "Verbandsklasse - Gr. 2 2019/2"]
[Date "2019.10.27"]
[Round "2.5"]
[White "Wisotzky, Klaus"]
[Black "Sprungala, Erik"]
[Result "1/2-1/2"]
[WhiteElo "1675"]
[BlackElo "1833"]
[PlyCount "43"]
[EventDate "2019.??.??"]

1. d4 Nf6 2. Nf3 d5 3. g3 e6 4. Bg2 c5 5. O-O Nc6 6. c3 Bd6 7. Nbd2 b6 8. Re1
O-O 9. e4 dxe4 10. Nxe4 Nxe4 11. Rxe4 Bb7 12. Re1 Qc7 13. dxc5 bxc5 14. Qe2
Rfe8 15. Be3 Ne7 16. Rad1 Nd5 17. Bc1 Rad8 18. Qc2 h6 19. Nd2 Be7 20. a3 Nf6
21. Bxb7 Qxb7 22. Nc4 1/2-1/2

[Event "SV Rochade Eving 1 - SC Mülheim 1"]
[Site "Verbandsklasse - Gr. 2 2019/2"]
[Date "2019.10.27"]
[Round "2.6"]
[White "Krause, Dieter"]
[Black "Meyer, Friedel"]
[Result "1-0"]
[WhiteElo "1849"]
[BlackElo "1687"]
[PlyCount "67"]
[EventDate "2019.??.??"]

1. e4 c5 2. Nf3 Nc6 3. d4 cxd4 4. Nxd4 g6 5. c4 Bg7 6. Be3 Nf6 7. Nc3 d6 8. Be2
Bd7 9. O-O a6 10. f3 Rc8 11. Rc1 O-O 12. Qd3 Qa5 13. Rfd1 Rfd8 14. Nb3 Qc7 15.
Nd5 Qb8 16. Nb6 Rc7 17. Nd5 Rcc8 18. Bb6 Re8 19. c5 Nxd5 20. exd5 Ne5 21. Qe3
Ba4 22. c6 Bxb3 23. Qxb3 Qa8 24. c7 Nd7 25. Qb4 Be5 26. g3 Rf8 27. f4 Bg7 28.
Kg2 f5 29. a4 Nxb6 30. Qxb6 Bf6 31. Rd3 a5 32. Rb3 Rfe8 33. Bb5 Rf8 34. Bd7 1-0

[Event "SV Rochade Eving 1 - SC Mülheim 1"]
[Site "Verbandsklasse - Gr. 2 2019/2"]
[Date "2019.10.27"]
[Round "2.7"]
[White "Brockmann, Michael"]
[Black "Jaehnicke, Karl-Heinz"]
[Result "1-0"]
[WhiteElo "1915"]
[BlackElo "1756"]
[PlyCount "47"]
[EventDate "2019.??.??"]

1. d4 d5 2. Nf3 Nf6 3. e3 g6 4. Bd3 Bg7 5. Nbd2 O-O 6. O-O Nbd7 7. c3 b6 8. e4
dxe4 9. Nxe4 Bb7 10. Qe2 a5 11. a4 Nxe4 12. Bxe4 Bxe4 13. Qxe4 Nf6 14. Qh4 Re8
15. Bh6 Bh8 16. Bf4 h5 17. Be5 Qd7 18. h3 Bg7 19. Rfe1 Nh7 20. Bxg7 Kxg7 21.
Ne5 Qd6 22. Re3 e6 23. Rg3 Nf6 24. Rf3 1-0

[Event "SV Rochade Eving 1 - SC Mülheim 1"]
[Site "Verbandsklasse - Gr. 2 2019/2"]
[Date "2019.10.27"]
[Round "2.8"]
[White "Krams, Amatus"]
[Black "Hanow, Frank"]
[Result "1-0"]
[WhiteElo "1718"]
[BlackElo "1350"]
[PlyCount "89"]
[EventDate "2019.??.??"]

1. e4 e5 2. Nf3 Nc6 3. Bc4 h6 4. O-O Nf6 5. Nc3 Bc5 6. d3 d6 7. Na4 Bg4 8. Nxc5
dxc5 9. c3 a6 10. a4 Na5 11. Bxf7+ Kf8 12. Bg6 Qd6 13. Bf5 Bh5 14. b4 cxb4 15.
cxb4 Nc6 16. Qb3 Bxf3 17. Ba3 b5 18. gxf3 Nd4 19. Qd1 Nh5 20. Kh1 Nf4 21. Bb2
c6 22. Bc1 g6 23. Bxf4 exf4 24. Bh3 Qxb4 25. axb5 Nxb5 26. Qc1 Qd6 27. Qc4 Rh7
28. Rfe1 Re7 29. e5 Qc7 30. Qxf4+ Kg7 31. Qf6+ Kh7 32. e6 Nd6 33. f4 Ne8 34.
Qd4 Rd8 35. Qe4 Nd6 36. Qf3 Rf8 37. Rxa6 Nf5 38. Bxf5 Rxf5 39. Rxc6 Qa5 40.
Rec1 Qd2 41. Qe3 Qb2 42. Rc7 Qg7 43. Qa7 Kg8 44. Rxe7 Qf8 45. Rcc7 1-0

[Event "SC Listiger Bauer Essen 1 - SK Sodingen"]
[Site "Verbandsklasse - Gr. 2 2019/2"]
[Date "2019.10.27"]
[Round "2.1"]
[White "Zobiegala, Christoph"]
[Black "Kunisch, Siegfried"]
[Result "1/2-1/2"]
[WhiteElo "1954"]
[BlackElo "2033"]
[PlyCount "25"]
[EventDate "2019.??.??"]

1. e4 e5 2. Nf3 Nc6 3. Bb5 f5 4. Nc3 fxe4 5. Bxc6 dxc6 6. Nxe4 Nf6 7. Qe2 Bg4
8. h3 Bxf3 9. Qxf3 Qd5 10. d3 Bb4+ 11. Bd2 Bxd2+ 12. Nxd2 O-O-O 13. Qxd5
1/2-1/2

[Event "SC Listiger Bauer Essen 1 - SK Sodingen"]
[Site "Verbandsklasse - Gr. 2 2019/2"]
[Date "2019.10.27"]
[Round "2.2"]
[White "Klups, Christoph"]
[Black "Lucke, Thomas"]
[Result "1/2-1/2"]
[WhiteElo "1965"]
[BlackElo "1851"]
[PlyCount "26"]
[EventDate "2019.??.??"]

1. e4 c6 2. d4 d5 3. e5 Bf5 4. g4 Bg6 5. h4 h5 6. g5 e6 7. Nh3 c5 8. Nf4 Be4 9.
f3 Bf5 10. Bb5+ Nc6 11. Bd3 Bxd3 12. Qxd3 c4 13. Qd1 g6 1/2-1/2

[Event "SC Listiger Bauer Essen 1 - SK Sodingen"]
[Site "Verbandsklasse - Gr. 2 2019/2"]
[Date "2019.10.27"]
[Round "2.3"]
[White "Balke, Reiner"]
[Black "Mandl, Stefan"]
[Result "1/2-1/2"]
[WhiteElo "1892"]
[BlackElo "1929"]
[PlyCount "37"]
[EventDate "2019.??.??"]

1. e4 c5 2. Nf3 d6 3. Bb5+ Bd7 4. Bxd7+ Qxd7 5. O-O Nc6 6. Nc3 Nf6 7. Re1 g6 8.
d3 Bg7 9. Bg5 O-O 10. Qd2 Rfe8 11. h3 Rab8 12. e5 dxe5 13. Nxe5 Nxe5 14. Rxe5
b6 15. Rae1 Rbd8 16. Qe3 e6 17. Qf3 Nd5 18. Nxd5 exd5 19. Rxe8+ 1/2-1/2

[Event "SC Listiger Bauer Essen 1 - SK Sodingen"]
[Site "Verbandsklasse - Gr. 2 2019/2"]
[Date "2019.10.27"]
[Round "2.4"]
[White "Ball, Joerg"]
[Black "Mueller-Kreth, Kai"]
[Result "1-0"]
[WhiteElo "1909"]
[BlackElo "1744"]
[PlyCount "111"]
[EventDate "2019.??.??"]

1. f4 d5 2. Nf3 Nc6 3. g3 Nf6 4. Bg2 Bf5 5. O-O h6 6. e3 e6 7. d3 Bc5 8. Qe2
O-O 9. h3 a6 10. Kh2 Qd6 11. d4 Bb6 12. b3 Nb4 13. Ne1 c5 14. c3 Nc6 15. Ba3
Rfc8 16. Nd2 Ne7 17. Nd3 Nd7 18. e4 Bh7 19. c4 dxe4 20. Nxe4 Bxe4 21. Bxe4 Rab8
22. Rad1 Qc7 23. Rd2 Nf5 24. Bxf5 exf5 25. dxc5 Nxc5 26. Nxc5 Bxc5 27. Bxc5
Qxc5 28. Rd5 Qb4 29. Rxf5 Rd8 30. Rf2 Rd7 31. Re5 Rbd8 32. Re8+ Kh7 33. Rxd8
Rxd8 34. Qb2 Qc5 35. Re2 Kg8 36. Re5 Qc6 37. Qe2 Kf8 38. h4 Qd6 39. Rd5 Qc7 40.
Qd3 Rxd5 41. Qxd5 Qe7 42. c5 Qc7 43. b4 Ke7 44. Kg2 f6 45. f5 Kf8 46. Kf3 h5
47. Qd6+ Qe7 48. Qxe7+ Kxe7 49. Ke4 Kd8 50. Kd5 Kd7 51. a4 Kc7 52. b5 axb5 53.
axb5 Kd7 54. c6+ bxc6+ 55. bxc6+ Kc7 56. Kc5 1-0

[Event "SC Listiger Bauer Essen 1 - SK Sodingen"]
[Site "Verbandsklasse - Gr. 2 2019/2"]
[Date "2019.10.27"]
[Round "2.5"]
[White "Tenschert, Hartmut"]
[Black "Breuer, Leon"]
[Result "0-1"]
[WhiteElo "1746"]
[BlackElo "1837"]
[PlyCount "100"]
[EventDate "2019.??.??"]

1. d4 Nf6 2. Bf4 e6 3. e3 d5 4. Bd3 c5 5. c3 Nc6 6. Nd2 Be7 7. h3 b6 8. Ngf3
Bb7 9. O-O Rc8 10. Re1 O-O 11. Ne5 Re8 12. Bg3 a6 13. Rc1 b5 14. Qe2 c4 15. Bb1
b4 16. e4 g6 17. f4 bxc3 18. bxc3 Nh5 19. Bh2 Bh4 20. Red1 Nxe5 21. fxe5 Bg5
22. Re1 Qa5 23. Rc2 Nf4 24. Bxf4 Bxf4 25. Qf3 Bh6 26. Qg4 Bxd2 27. Rxd2 Qxc3
28. Rde2 Qxd4+ 29. Kh1 c3 30. Bc2 Qc5 31. exd5 Bxd5 32. h4 Qc4 33. Qg5 Qc7 34.
Rf2 Qe7 35. Rf6 Qf8 36. Ref1 Rc7 37. h5 h6 38. Qg3 g5 39. R1f2 Rb8 40. Qd3 Qg7
41. Qxa6 Ra8 42. Qd6 Rc4 43. Rxf7 Qxf7 44. Rxf7 Kxf7 45. Bg6+ Kg8 46. Qe7 Bxg2+
47. Kh2 Rf4 48. Qh7+ Kf8 49. Qh8+ Ke7 50. Qxa8 Bxa8 0-1

[Event "SC Listiger Bauer Essen 1 - SK Sodingen"]
[Site "Verbandsklasse - Gr. 2 2019/2"]
[Date "2019.10.27"]
[Round "2.6"]
[White "Wagner, Ole"]
[Black "Behnicke, Eckhard"]
[Result "1/2-1/2"]
[WhiteElo "1889"]
[BlackElo "1688"]
[PlyCount "36"]
[EventDate "2019.??.??"]

1. e4 d5 2. exd5 Qxd5 3. Nc3 Qd6 4. Nf3 Nf6 5. d4 c6 6. Bc4 e6 7. O-O b5 8. Bd3
Nbd7 9. Re1 Be7 10. a4 b4 11. Ne4 Nxe4 12. Rxe4 Nf6 13. Bf4 Qd8 14. Re1 Bb7 15.
Qe2 O-O 16. a5 a6 17. c4 bxc3 18. bxc3 c5 1/2-1/2

[Event "SC Listiger Bauer Essen 1 - SK Sodingen"]
[Site "Verbandsklasse - Gr. 2 2019/2"]
[Date "2019.10.27"]
[Round "2.7"]
[White "Schaefer, Michael"]
[Black "Petri, Norbert"]
[Result "1/2-1/2"]
[WhiteElo "1655"]
[BlackElo "1881"]
[PlyCount "47"]
[EventDate "2019.??.??"]

1. d4 d5 2. Bf4 c5 3. e3 Nc6 4. c3 Nf6 5. Nd2 Bf5 6. Qb3 Qb6 7. dxc5 Qxb3 8.
axb3 e5 9. Bg5 Bxc5 10. Bxf6 gxf6 11. Bb5 a6 12. Bxc6+ bxc6 13. Ne2 O-O 14. O-O
Rfd8 15. Ra2 Bd3 16. Re1 d4 17. exd4 Bxe2 18. Rxe2 exd4 19. Ra4 Bb6 20. g3 c5
21. Rc4 Rac8 22. Ra4 Ra8 23. Rc4 Rac8 24. Ra4 1/2-1/2

[Event "SC Listiger Bauer Essen 1 - SK Sodingen"]
[Site "Verbandsklasse - Gr. 2 2019/2"]
[Date "2019.10.27"]
[Round "2.8"]
[White "Maurer, Markus"]
[Black "Zygan, Michael"]
[Result "0-1"]
[WhiteElo "1831"]
[BlackElo "1709"]
[PlyCount "48"]
[EventDate "2019.??.??"]

1. d4 d5 2. c4 c6 3. cxd5 cxd5 4. Nc3 Nf6 5. Nf3 Nc6 6. Bf4 a6 7. e3 e6 8. Bd3
Be7 9. O-O O-O 10. Rc1 Bd7 11. Ne5 Rc8 12. Qf3 b5 13. Qh3 g6 14. Nf3 Nh5 15.
Be5 Nxe5 16. Nxe5 f5 17. Qf3 Nf6 18. Ne2 Qb6 19. Nc3 Rc7 20. Nxd7 Nxd7 21. Ne2
Rfc8 22. Rxc7 Rxc7 23. Rc1 Qa5 24. Ra1 Qd2 0-1

[Event "SV Wattenscheid 3 - SW Oberhausen 1"]
[Site "Verbandsklasse - Gr. 2 2019/2"]
[Date "2019.10.27"]
[Round "2.1"]
[White "Puetter, Pascal"]
[Black "Leveikina, Jevgenija"]
[Result "1/2-1/2"]
[WhiteElo "1983"]
[BlackElo "2020"]
[Annotator "Daniel"]
[PlyCount "53"]
[EventDate "2019.??.??"]

1. e4 c6 2. Nc3 d5 3. Nf3 Nf6 4. e5 Ne4 5. h3 e6 6. Ne2 Qb6 7. d4 c5 8. c3 Nc6
9. Qb3 Bd7 10. Be3 f6 11. exf6 gxf6 12. Nd2 Nxd2 13. Kxd2 Na5 14. Qxb6 Nc4+ 15.
Kc2 Nxe3+ 16. fxe3 axb6 17. Nf4 Bd6 18. Be2 cxd4 19. cxd4 Rc8+ 20. Kb3 $11 Ke7
21. Rac1 Ra8 22. a3 Ra4 23. Rhf1 Rha8 24. Nh5 f5 25. Nf4 b5 26. Nd3 b6 27. g4
1/2-1/2

[Event "SV Wattenscheid 3 - SW Oberhausen 1"]
[Site "Verbandsklasse - Gr. 2 2019/2"]
[Date "2019.10.27"]
[Round "2.2"]
[White "Dick, Matthias"]
[Black "Hortolani, Sven-Holger"]
[Result "1/2-1/2"]
[WhiteElo "1994"]
[BlackElo "2031"]
[PlyCount "37"]
[EventDate "2019.??.??"]

1. Nf3 c5 2. c4 d6 3. d4 Nd7 4. Nc3 Ngf6 5. g3 g6 6. Bg2 Bg7 7. O-O O-O 8. e4
cxd4 9. Nxd4 a6 10. b3 h5 11. Bb2 h4 12. Qe2 hxg3 13. hxg3 Nh5 14. Rad1 Ne5 15.
Qd2 Bg4 16. Nce2 Qd7 17. f4 Nc6 18. Nf3 Bxb2 19. Qxb2 1/2-1/2